| 000 | 00843cam a2200229 4500 | ||
|---|---|---|---|
| 001 | L136135 | ||
| 002 | 16393 | ||
| 008 | 070112n2006 000 0 eng u | ||
| 020 | _a1851495231 | ||
| 035 | _a(Sirsi) u136135 | ||
| 041 | 0 | _aeng | |
| 050 | 0 | 4 | _a720.941 $2 18 |
| 100 | 1 | _aSteel, John | |
| 245 | 0 | 4 |
_aThe English house _b1000 years of domestic architecture |
| 260 |
_aWoodbridge _bAntique Collectors' Club _c2006 |
||
| 300 |
_a399p. _c31cm. |
||
| 520 | _a Reviews the changes in style in domestic architecture from Norman times to the present, discussing periodical and regional themes, variations and influences. Discusses how houses and rooms within were used, and describes typical occupants. | ||
| 590 | _aKA | ||
| 651 | 4 |
_aEngland _y886- |
|
| 690 | _aBUILT ENVIRONMENT-CONSTRUCTION DESIGN-ARCHITECTURAL DESIGN | ||
| 942 | _n0 | ||
| 999 |
_c106330 _d106330 |
||